The radical left and american foreign policy
Salvato in:
| Autore principale: | |
|---|---|
| Natura: | Libro |
| Lingua: | inglese |
| Pubblicazione: |
Baltimore
Johns Hopkins
1971
|
| Serie: | Studies in Internacional Affairs, 15
|
| Soggetti: | |
| Tags: |
Aggiungi Tag
Nessun Tag, puoi essere il primo ad aggiungerne!!
|
MARC
| LEADER | 00000nam a2200000 a 4500 | ||
|---|---|---|---|
| 001 | UCO8146 | ||
| 003 | CL-VaPUC | ||
| 008 | 001201e19710000US |||||||||||||||||eng|d | ||
| 082 | 0 | 4 | |a 327.73 |b TUC |2 21 |
| 100 | 0 | |a Tucker, Robert W |e author |9 452922 | |
| 245 | 1 | 4 | |a The radical left and american foreign policy |
| 300 | |a 156 p | ||
| 942 | |c BK | ||
| 945 | |d 20001201 00:00:00 |a crobeson | ||
| 260 | |a Baltimore |b Johns Hopkins |c 1971 | ||
| 500 | |a Donación del profesor Manfred Wilhelmy von Wolff | ||
| 650 | 0 | |a Política exterior |9 316628 | |
| 650 | 0 | |a Relaciones Internacionales |9 255740 | |
| 650 | 7 | |a CRITICA SOCIAL |2 CL-VaPUC |9 331282 | |
| 651 | 0 | |a Estados Unidos |9 255178 | |
| 583 | |a last modification |c 20001201 00:00:00 |k Rodrigo Vera | ||
| 490 | 0 | |a Studies in Internacional Affairs, 15 | |
| 999 | |c 292875 |d 292873 | ||
| 952 | |0 0 |1 0 |4 0 |6 327_730000000000000_TUC_1971 |7 0 |8 A |9 343951 |a BIBHIS |b BIBHIS |d 2019-11-20 |i 1235869 |l 1 |o 327.73 TUC 1971 |p 1235869 |r 2025-01-20 |s 2022-09-27 |w 2019-11-20 |y BK |k HIS | ||